|
|
|
|
| LEADER |
00000nab a2200000 a 4500 |
| 001 |
vtls000010936 |
| 003 |
SK-MaSNL |
| 005 |
20260303182029.0 |
| 008 |
111103c1978 xo 0 slo |
| 015 |
|
|
|a SNBRB19rr/mm-uuuuu
|
| 035 |
|
|
|a CL0021030
|
| 040 |
|
|
|a SNKBUCL
|b slo
|c SNKBUCL
|e AACR2
|
| 041 |
0 |
|
|a slo
|
| 044 |
|
|
|a xo
|c SK
|
| 080 |
|
|
|a 77
|2 1981
|
| 080 |
|
|
|a 92 Havránková, Milota
|2 1981
|
| 100 |
1 |
|
|a Moza, Ľuboslav,
|d 1952-
|4 aut
|9 227470
|
| 245 |
1 |
0 |
|a Fotografické originály
|c Ľuboslav Moza
|
| 300 |
|
|
|b Obr. 4.
|
| 600 |
1 |
7 |
|a Havránková, Milota,
|d 1945-
|2 snkbucl
|9 103949
|
| 655 |
|
7 |
|a články z novín a časopisov
|2 snkbucl
|9 267496
|
| 773 |
0 |
|
|t Smena na nedeľu
|g Roč. 13, č. 41 (12. 10. 1978), s. 6-7
|
| 850 |
|
|
|a Slovenská národná knižnica v Martine
|a MTA001
|
| 852 |
|
|
|a SNK
|b KIS3GCP
|
| 958 |
|
|
|a RK
|
| 992 |
|
|
|a RBX
|
| 999 |
|
|
|c 2115355
|d 2117285
|